00952 2200289 4500001002100000005001500021035002000036007000300056008004100059020001800100082001000118084001600128100002800144245013600172250001200308300004600320650003100366650003200397700003900429700003000468700004300498264003400541336002100575337003000596338002300626990001300649INLIS00000000111866220220422110814 a0010-0422000142ta220422 0 ind  a9786233462440 a920.7 a920.7 FAC m0 aFachmi ArdhiePengarang1 aMangkunegoro Vi Sang Reformis Sebuah Biografi /cFachmi Ardhi, Insan Praditya Anugerah, Tika Ramadhini, Tri Astrini Megaputri Janis aedisi 1 axxviii, 196 halaman :bilustrasi ;c21 cm 4aBiografi - Mangkunegoro Vi 4aBiography - Mangkunegoro Vi0 aInsan Praditya AnugerahePengarang0 aTika RamadhiniePengarang0 aTri Astrini Megaputri JanisePengarang aJakarta :bBuku Kompas,c2021 2rdacontentaTeks 2rdamediaaTanpa Perantara 2rdacarrieraVolume a21/00925